000 00479nmm a2200169Ia 4500
008 251105s9999||||xx |||||||||||||||||und||
020 _a9788484283195
041 _aspa
100 _aKohan, Silvia Adela
245 0 _aLa acción en la narrativa
264 _a[Madrid, España] :
_bAlba Editorial,
_c2015
300 _a112 páginas
490 _aGuías del escritor
650 _aLiterature, Theory
856 _uhttps://public.digitaliapublishing.com/a/48850
942 _cCF
999 _c86417
_d86417